000 01288nam a22002177a 4500
999 _c62595
_d62595
003 Ge_BSU
005 20241213133117.0
008 241213s2023 ge ||||| |||| 00| 0 geo d
020 _a19879288
041 _ageo
080 _a001(479.22)(058) წ-35
245 _aწელიწდეული :
_bXV /
_cპროექტის დირექტორი გრიგოლ ქობალიანი; რედ. ნ. ბართაია, ლ. ბებურიშვილი და სხვ.; ქუთაისის ილია ჭვჭავაძის სახელობის საჯარო ბიბლიოთეკა.
264 _aქუთაისი,
_c2023.
300 _a376 გვ.;
_b24 სმ.
653 _aწელიწდეული
700 _aქობალიანი, გრიგოლ
_eპროექტის დირექტორი
_913620
700 _aბართაია, ნ.
_eრედაქტორი
_923324
700 _aბებურიშვილი ლ. და სხვ.;
_eრედაქტორი
_923973
710 _a ქუთაისის ილია ჭვჭავაძის სახელობის საჯარო ბიბლიოთეკა.
_923974
942 _2udc
_cBK